町の人口ランキングTOP100 - Statistics

General Stats
  • This quiz has been taken 68 times
  • The average score is 50 of 100
Answer Stats
順位 都道府県 人口 Answer % Correct
1 広島県 51,155 府中町
98%
4 神奈川県 48,348 寒川町
76%
50 神奈川県 31,634 大磯町
75%
3 茨城県 48,553 阿見町
73%
49 神奈川県 31,665 葉山町
71%
78 神奈川県 27,564 二宮町
71%
2 愛知県 49,596 東浦町
67%
6 福岡県 46,377 志免町
67%
48 静岡県 31,710 清水町
67%
14 静岡県 43,336 長泉町
65%
22 埼玉県 38,434 三芳町
63%
26 愛知県 37,338 蟹江町
63%
39 兵庫県 33,604 播磨町
63%
47 東京都 31,765 瑞穂町
63%
19 沖縄県 40,440 南風原町
61%
15 愛知県 42,449 幸田町
59%
16 群馬県 42,089 大泉町
59%
20 神奈川県 39,869 愛川町
59%
27 石川県 36,957 津幡町
59%
32 徳島県 35,246 藍住町
59%
34 宮城県 35,182 利府町
59%
5 福岡県 48,190 粕屋町
57%
9 埼玉県 43,845 杉戸町
57%
17 長崎県 40,780 長与町
57%
21 栃木県 39,474 壬生町
57%
43 熊本県 32,510 益城町
57%
44 愛知県 32,399 大治町
57%
52 福岡県 31,209 篠栗町
57%
81 石川県 26,574 内灘町
57%
98 奈良県 24,043 王寺町
57%
36 埼玉県 34,147 宮代町
55%
37 愛知県 34,133 扶桑町
55%
71 埼玉県 28,266 松伏町
55%
72 沖縄県 28,201 北谷町
55%
77 奈良県 27,587 斑鳩町
55%
8 愛知県 43,903 東郷町
53%
13 熊本県 43,337 菊陽町
53%
18 三重県 40,559 菰野町
53%
28 静岡県 36,794 函南町
53%
29 京都府 36,198 精華町
53%
56 大阪府 30,927 島本町
53%
61 広島県 29,636 海田町
53%
69 埼玉県 28,524 小川町
53%
84 岐阜県 25,881 岐南町
53%
7 埼玉県 44,841 伊奈町
51%
10 大阪府 43,763 熊取町
51%
42 福岡県 32,927 新宮町
51%
46 岩手県 32,147 紫波町
51%
51 茨城県 31,401 茨城町
51%
53 奈良県 31,177 田原本町
51%
66 静岡県 28,919 吉田町
51%
70 愛知県 28,383 阿久比町
51%
75 大分県 27,723 日出町
51%
83 山梨県 26,082 富士河口湖町
51%
85 三重県 25,784 東員町
51%
11 北海道 43,576 音更町
49%
41 宮城県 33,087 亘理町
49%
57 栃木県 30,806 上三川町
49%
64 長崎県 29,339 時津町
49%
92 栃木県 24,913 野木町
49%
30 群馬県 36,054 玉村町
47%
40 兵庫県 33,477 太子町
47%
45 埼玉県 32,374 寄居町
47%
59 兵庫県 30,268 稲美町
47%
74 岩手県 28,056 矢巾町
47%
94 富山県 24,792 立山町
47%
33 熊本県 35,187 大津町
45%
60 兵庫県 29,680 猪名川町
45%
62 愛媛県 29,630 松前町
45%
65 栃木県 29,229 高根沢町
45%
12 愛知県 43,535 武豊町
43%
24 福岡県 37,684 苅田町
43%
25 福岡県 37,671 宇美町
43%
31 埼玉県 35,366 毛呂山町
43%
100 栃木県 23,956 那須町
43%
95 愛知県 24,305 大口町
41%
23 宮城県 38,271 柴田町
39%
35 沖縄県 34,984 西原町
39%
58 埼玉県 30,343 上里町
39%
38 奈良県 33,810 広陵町
37%
90 和歌山県 25,258 有田川町
37%
96 青森県 24,273 おいらせ町
37%
99 宮城県 23,994 美里町
37%
67 宮城県 28,786 大和町
35%
89 佐賀県 25,511 みやき町
35%
97 茨城県 24,201 境町
35%
55 沖縄県 30,941 八重瀬町
33%
68 福岡県 28,628 須恵町
33%
76 北海道 27,686 七飯町
33%
80 香川県 26,878 三木町
33%
93 徳島県 24,833 石井町
33%
54 福岡県 31,007 岡垣町
31%
73 福岡県 28,114 水巻町
31%
79 岐阜県 26,882 養老町
31%
63 福岡県 29,591 筑前町
29%
87 宮崎県 25,591 三股町
29%
82 岐阜県 26,402 垂井町
27%
88 群馬県 25,522 邑楽町
27%
86 北海道 25,766 幕別町
25%
91 長野県 24,989 箕輪町
24%
No matching quizzes found
Score Distribution
Percent of People with Each Score
Percentile by Number Answered
Your Score History
You have not taken this quiz